Manual de elecciones de senadores y diputados a Cortes / (Record no. 98702)

MARC details
000 -LEADER
campo de control de longitud fija 00866nam a2200193 i 4500
001 - NÚMERO DE CONTROL
campo de control 98702
003 - IDENTIFICADOR DE NÚMERO DE CONTROL
campo de control ES-MaACL
005 - FECHA Y HORA DE LA ÚLTIMA TRANSACCIÓN
campo de control 20250822152427.0
007 - CAMPO FIJO DE DESCRIPCIÓN FÍSICA--INFORMACIÓN GENERAL
campo de control de longitud fija t|
008 - DATOS DE LONGITUD FIJA--INFORMACIÓN GENERAL
campo de control de longitud fija 051020s1881 sp ||||1| spa d
245 00 - MENCIÓN DEL TÍTULO
Título Manual de elecciones de senadores y diputados a Cortes /
Mención de responsabilidad, etc. por Eusebio Freixa y Rabasó.
260 ## - PUBLICACIÓN, DISTRIBUCIÓN, ETC.
Lugar de publicación, distribución, etc. Madrid :
Nombre del editor, distribuidor, etc. [s.n.],
Fecha de publicación, distribución, etc. 1881 (
Fabricante E. Martínez y E. Pradera)
300 ## - DESCRIPCIÓN FÍSICA
Extensión 63 p. ;
Dimensiones 21 cm.
505 8# - NOTA DE CONTENIDO CON FORMATO
Nota de contenido con formato Contiene: Las leyes electorales de los cuerpos colegisladores de 8 de febrero de 1877 y 28 de diciembrede 1878... la de 7 de marzo de 1880 sobre incompatibilidades de diputados a Cortes; la Real Orden Circular de 30 de diciembre de 1878
650 04 - PUNTO DE ACCESO ADICIONAL DE MATERIA--TÉRMINO DE MATERIA
Término de materia o nombre geográfico como elemento de entrada Derecho electoral-
Subdivisión geográfica España
9 (RLIN) 11705
700 1# - ENTRADA AGREGADA--NOMBRE PERSONAL
Nombre de persona Freixa y Rabasó, Eusebio,
Fechas asociadas al nombre 1824-1894
9 (RLIN) 52479
852 ## - LOCALIZACIÓN
Ubicación ES-MaACL
Número de control de estantería L-4906(13-6)
Nota libre .- Donativo Roda
Holdings
Estatus retirado Estado de pérdida Estado de daño No para préstamo Colección Biblioteca de origen Biblioteca actual Ubicación en estantería Fecha de adquisición Fuente de adquisición Total de préstamos Signatura topográfica completa Código de barras Visto por última vez Precio de reemplazo Tipo de ítem Koha
        Libros del s. XIX Biblioteca del Ateneo de Madrid Biblioteca del Ateneo de Madrid Depósito 2 17/01/2008     L-4906(13-6) 1103042 23/02/2023 23/02/2023 Libro impreso antiguo